MARC

LEADER 00000nam0a2200000 4500
001 274914
005 20231101234756.0
020 |a RU  |b 86-20268 
035 |a (RuTPU)RU\TPU\book\298143 
090 |a 274914 
100 |a 20141110d1985 m y0rusy5003 ca 
101 0 |a rus 
102 |a BY 
105 |a a j 001zy 
200 1 |a Микрокалькуляторы с программным управлением в учебной лаборатории  |e учебное пособие для вузов  |f М. Ф. Поснова, Н. Н. Поснов 
210 |a Минск  |c Университетское  |d 1985 
215 |a 207 с.  |c ил.  |d 21 см 
320 |a Библиогр.: с. 205 
606 1 |a Микрокалькуляторы  |x Программирование  |x Эксплуатация  |2 stltpush  |3 (RuTPU)RU\TPU\subj\43663  |9 63127 
610 1 |a учебные лаборатории 
610 1 |a измерения 
610 1 |a результаты измерений 
610 1 |a математическая обработка 
610 1 |a погрешность 
610 1 |a вычисление 
610 1 |a учебные пособия 
675 |a 681.321-181.4(075.8)  |z rus  |v 3 
700 1 |a Поснова  |b М. Ф.  |g Марина Федоровна  |4 070 
701 1 |a Поснов  |b Н. Н.  |g Николай Николаевич  |4 070 
801 0 |a RU  |b RuMRKP  |c 19950704  |g psbo 
801 1 |a RU  |b 63413507  |c 20141110 
801 2 |a RU  |b 63413507  |c 20170124  |g RCR 
942 |c BK